00378nam a2200181Ia 4500003000900000008004100009040001300050040001300063041000800076100002200084245003400106250001000140260001200150260000900162300001100171300000800182490000600190IT-RoPAU120407s9999 xx 000 0 und d aIT-RoPAU cIT-RoPAU afra aGregorio di Nissa aHomelies sur L’Ecclesiaste. aParis aDu Cerf c1996 a446 p. c cm v1